Normal view
MARC view
Entry Topical Term
001 - CONTROL NUMBER
- control field: 3595
003 - CONTROL NUMBER IDENTIFIER
- control field: BD-RjUL
005 - DATE AND TIME OF LATEST TRANSACTION
- control field: 20220614112322.0
008 - FIXED-LENGTH DATA ELEMENTS
- fixed length control field: 220614|| aca||aabn | a|a d
040 ## - CATALOGING SOURCE
- Original cataloging agency: BD-RjUL
- Transcribing agency: BD-RjUL
150 ## - HEADING--TOPICAL TERM
- Topical term or geographic name entry element: Marginal land
- Form subdivision: 1981-1993
- Geographic subdivision: Rajshahi city
670 ## - SOURCE DATA FOUND
- Source citation: Work cat.: (BD-RjUL)79966: সুলতানা, সৈয়দা নার্গিস 3593, রাজশাহী শহরের প্রান্তিক এলাকার ভূমি ব্যবহারের পরিবর্তনের ধরন ১৯৮১-১৯৯৩ /, ১৯৯৬